000 00384nam a22001457a 4500
005 20200601131905.0
008 200601b xxu||||| |||| 00| 0 eng d
082 _a345.4 (AIR)
110 _aALL INDIA REPORTER
_95756
245 _aALL INDIA REPORTER 1986 (V-73) ALLAHABAD SECTION
260 _aBOMBAY
_bALL INDIA REPORTER LTD
300 _a384;p
650 _aLAW
_95701
942 _cJRL
999 _c6775
_d6773